LOW-EXPENSE AND LOW-ENERGY HOUSE BUILDING IN VILLAGE ENVIRONMENT

Bibliographic Details
Main Authors: Kuráň, Jozef (Author), Marcík, Andrej (Author)
Format: Article
Language:English
ISBN:802272534X

MARC

LEADER 00000naa a2200000uu 4500
001 vtls011056530
003 SK-MaSNL
005 20260302113725.0
008 210907|2006 xo |||||||||||||||||eng|
015 |a SNBRA 
035 |a (urnnbn)urn:nbn:sk:snk:ar-a0bz3l 
035 |a (uuid)40ca4e88-e828-4dd7-99e4-2f3a47d85f50 
035 |a urn:nbn:sk:snk-aav5py 
040 |a SNKBUCL  |b slo  |c SNKBUCL  |e AACR2 
041 0 |a eng 
044 |a xo  |c SK 
100 1 |a Kuráň, Jozef  |4 aut  |9 364427 
245 1 0 |a LOW-EXPENSE AND LOW-ENERGY HOUSE BUILDING IN VILLAGE ENVIRONMENT  |c Jozef Kuráň, Andrej Marcík 
700 1 |a Marcík, Andrej  |4 aut  |9 787539 
773 0 |t "Urbanistické, architektonické a technické aspekty obnovy vidieka V"  |d Bratislava : Slovenská technická univerzita, 2006  |g S. 213-216  |z 802272534X 
958 |a OND 
958 |a article12 
958 |a chapter 
999 |c 1256757  |d 1258687